banner koha

Effect of defoliation on the yield and quality of 'Prata Comum' banana fruits (Registro n. 338536)

MARC details
000 -LÍDER
fixed length control field 04054nab a2200361 i 4500
003 - CÓDIGO MARC DA AGÊNCIA CATALOGADORA
Campo de controle BR-BrBNA
005 - DATA E HORA DA ÚLTIMA ATUALIZAÇÃO
Campo de controle 20251002160328.0
008 - CAMPO DE TAMANHO FIXO
fixed length control field 251002b2017 bl.|r|pooa||| 00| 0 eng |
040 ## - FONTE DA CATALOGAÇÃO
Agência catalogadora BR-BrBNA
Idioma da catalogação eng
072 ## - CATEGORIA AGRIS
Código AGRIS H20
Código do objeto 1112
072 ## - CATEGORIA AGRIS
Código AGRIS F01
100 ## - ENTRADA PRINCIPAL - NOME PESSOAL
Nome pessoal Lima, Juliana Domingues
100 ## - ENTRADA PRINCIPAL - NOME PESSOAL
Nome pessoal Florêncio, Jéssica Andrade
100 ## - ENTRADA PRINCIPAL - NOME PESSOAL
Nome pessoal Morais, Wilson da Silva
100 ## - ENTRADA PRINCIPAL - NOME PESSOAL
Nome pessoal Silva, Sílvia Helena Modenese Gorla da
100 ## - ENTRADA PRINCIPAL - NOME PESSOAL
Nome pessoal Gomes, Eduardo Nardine
100 ## - ENTRADA PRINCIPAL - NOME PESSOAL
Nome pessoal Rozane, Danilo Eduardo
245 ## - TÍTULO PRINCIPAL
Título principal Effect of defoliation on the yield and quality of 'Prata Comum' banana fruits
500 ## - NOTA GERAL
Nota geral <br/>Publicação online; 19 ref.; 3 tables; 2 illus.; Summaries (En, Pt)
942 ## - ADDED ENTRY ELEMENTS (KOHA)
Koha item type Analítica
520 ## - NOTA DE RESUMO
Nota de conteúdo <br/><br/><br/>ABSTRACT - With the advent of black sigatoka in commercial banana crops in the “Vale do Ribeira” region, state of São Paulo, the monitoring the severity and chemical control of the disease in susceptible varieties have become more frequent in order to avoid leaf loss. This study simulated the effect of defoliation caused by the disease on the yield and quality of ‘Prata Comum’ banana fruits, depending on the formation period and fruit position in the bunch. The experimental design was completely randomized in a 2 x11 factorial scheme (period of bunch formation x number of leaves at flowering), 6-16 leaves at flowering in two periods of bunch formation with six replicates. In Period 1, flowering occurred at 04/15/13 and in Period 2 at 01/07/14, although in Period 1, bunch mass was higher and in Period 2, higher average maximum and minimum daily temperatures, precipitation and radiation were observed. Regardless of formation period, the number of leaves at flowering affected bunch mass, which ranged from 18 to 23 kg plant-1. Defoliation affected the size of fruits of hand 1 and last hand of the bunch, but not the variability in fruit size due to the position the fruit occupies in the bunch and physicochemical characteristics.<br/><br/><br/><br/>Index terms: Musa sp., Sigatoka negra, bunch mass, fruit size, source/sink ratio
520 ## - NOTA DE RESUMO
Nota de conteúdo <br/><br/><br/>RESUMO - Com o advento da Sigatoka-negra nos bananais comerciais do Vale do Ribeira-SP, o monitoramento da severidade e o controle químico da doença em variedades suscetíveis passaram a ser mais frequentes, a fim de evitar a perda de folhas. Dessa forma, foi realizada a simulação da desfolha causada pela doença, com o objetivo de avaliar seu efeito na produção e na qualidade dos frutos da bananeira-‘Prata Comum’ (AAB), em função do período de formação e da posição da penca no cacho. O delineamento experimental foi o inteiramente casualizado, em esquema fatorial 2x11 (dois períodos de formação do cacho x número de folhas na floração (6 a 16), com seis repetições. No Período 1, a floração ocorreu em 15-04-13 e no Período 2, em 07-01-14. Apesar de, no Período 1, a massa do cacho ter sido mais elevada, no Período 2 observou-se temperaturas médias diárias máximas e mínimas, precipitação e radiação mais elevadas. Independentemente do período de formação, o número de folhas na floração afetou a massa do cacho, que variou de 18 a 23 kg planta-1. A desfolha afetou o tamanho dos frutos da penca 1 e a última penca do cacho, mas não a variação de tamanho dos frutos em função da posição eles mesmo ocupam no cacho e as características físico-químicas.<br/><br/><br/>Termos para indexação: Musa spp., Sigatoka negra, massa do cacho, tamanho do fruto, relação fonte/dreno
650 ## - ASSUNTO - THESAGRO
Cabeçalho tópico ou nome geográfico BANANA
650 ## - ASSUNTO - THESAGRO
Cabeçalho tópico ou nome geográfico DOENÇA DE PLANTA
650 ## - ASSUNTO - THESAGRO
Cabeçalho tópico ou nome geográfico SIGATOKA NEGRA
650 ## - ASSUNTO - THESAGRO
Cabeçalho tópico ou nome geográfico FUNGO
650 ## - ASSUNTO - THESAGRO
Cabeçalho tópico ou nome geográfico CONDIÇÃO AMBIENTAL
650 ## - ASSUNTO - THESAGRO
Cabeçalho tópico ou nome geográfico DESFOLHA
650 ## - ASSUNTO - THESAGRO
Cabeçalho tópico ou nome geográfico PRÁTICA CULTURAL
773 0# - ENTRADA ANALÍTICA
Host Biblionumber 805
Registro do item 317028
Imprenta Jaboticabal-SP Sociedade Brasileira de Fruticultura 1978
Outro identificador 2024-3590
Título Revista Brasileira de Fruticultura (Brazil)
ISSN 0100-2945
Colação v. 39(3) p. 1-9; (2017)
Número de controle de registro BR2025002503
856 ## - ACESSO E ENDEREÇO ELETRÔNICO
Identificador uniforme de recurso - URI https://www.scielo.br/j/rbf/a/mSYWmnfrf3V9y7sx4SckKfC/?format=pdf&lang=en

Nenhum exemplar disponível.

BINAGRI

Telefone: (61)3218-2567/2388/3357/2097 - binagri@agro.gov.br

Ministério da Agricultura e Pecuária , Esplanada dos Ministérios, Bloco D, Anexo B, Brasília/DF, CEP: 70.043-900